000
00250nam a2200097Ia 4500
001
1222267
005
20250827092844.0
008
250824s9999 xx 000 0 und d
245
0
_a
BENİM ADIM MARİE CURİE
_c
LLUİS CUGOTA
260
_b
ALTIN KİTAPLAR
999
_c
1222267
_d
1222267